Score 0/20 Timer 08:00
0 Plays Today
% Correct
Fiddler
86%
Egghead
82.7%
The Calculator
72.9%
Crazy Quilt
67%
White Rabbit
62.5%
The Purple Man
59.7%
Origami Man
57.5%
Tapping Tommy
55.7%
Dogwelder
55.2%
Crime Man
54.2%
% Correct
Turner D. Century
41.7%
Thumbelina
37.8%
The Rainbow Creature
33.7%
The Animal-Vegetable-Mineral Man
32.6%
Asbestos Lady
31.3%
Blowtorch Brand
30.8%
Gamecock
30.6%
Blue Snowman
30.3%
Lady Stilt-Man
23%
The Green Cigarette
21.3%
Remove Ads.
Support Sporcle.
Get the best of Sporcle when you Go Orange. This ad-free experience offers more features, more stats, and more fun while also helping to support Sporcle. Thank you for becoming a member.

You're not logged in!

Compare scores with friends on all Sporcle quizzes.
OR
Log In

Show Comments

Extras

Top Quizzes Today


Score Distribution

Your Account Isn't Verified!

In order to create a playlist on Sporcle, you need to verify the email address you used during registration. Go to your Sporcle Settings to finish the process.

Report this User

Report this user for behavior that violates our Community Guidelines.

Details: